000 00296nam a22001217a 4500
008 181123b xxu||||| |||| 00| 0 eng d
041 _aeng
080 _a043.3
100 _a0
101 _aBTH-INI
245 _aOrganizimi i Punishtes per Objektin Afaristo-Banesor
_cHalili, F
942 _2udc
_cBK
999 _c52457
_d52457